[Event "Vrsar Spring op"]
[Site "Vrsar"]
[Date "2024.04.01"]
[Round "8"]
[White "Horvat, Damjan"]
[Black "Jocev, Milan"]
[Result "0-1"]
[WhiteElo "2121"]
[BlackElo "2254"]
[PlyCount "103"]
[EventDate "2024.04.01"]
[EventType "swiss"]
[EventRounds "9"]
[EventCountry "CRO"]
[SourceTitle "CB16_2024"]
[SourceDate "2024.04.17"]
[SourceVersion "1"]
[SourceVersionDate "2024.04.17"]
[SourceQuality "1"]

1. d4 d5 2. c4 c6 3. cxd5 cxd5 4. Nc3 Nf6 5. Bf4 Nc6 6. e3 Bf5 7. Qb3 Na5 8. Bb5+ Bd7 9. Qa4 e6 10. Bxd7+ Nxd7 11. Nb5 Rc8 12. Nd6+ Bxd6 13. Bxd6 Nc4 14. Ba3 Nxa3 15. Qxa3 Qg5 16. Kf1 Qe7 17. Qb3 0-0 18. Ne2 Nb6 19. g3 Nc4 20. Kg2 Qf6 21. Rad1 Rc6 22. Qc3 Qf5 23. Qd3 Qxd3 24. Rxd3 Nxb2 25. Rb3 Rc2 26. Kf3 b6 27. Rc1 Rxc1 28. Nxc1 Nc4 29. Ke2 Rc8 30. Rc3 Nd6 31. Rxc8+ Nxc8 32. Kd3 Kf8 33. f3 Nd6 34. Ne2 Ke7 35. e4 dxe4+ 36. fxe4 f5 37. exf5 exf5 38. d5 Kf6 39. Kd4 Nb5+ 40. Kc4 a6 41. a4 Nd6+ 42. Kd4 g5 43. Nc1 f4 44. gxf4 gxf4 45. Nd3 Kf5 46. Ne5 b5 47. a5 Nc4 48. Nc6 f3 49. Kd3 Ne5+ 50. Ke3 Nxc6 51. dxc6 Ke6 52. h3 0-1

[Event "Vrsar Spring op"]
[Site "Vrsar"]
[Date "2024.04.01"]
[Round "3"]
[White "Jocev, Milan"]
[Black "Cvitkovic, Filip"]
[Result "1/2-1/2"]
[WhiteElo "2254"]
[BlackElo "2119"]
[PlyCount "88"]
[EventDate "2024.04.01"]
[EventType "swiss"]
[EventRounds "9"]
[EventCountry "CRO"]
[SourceTitle "CB16_2024"]
[SourceDate "2024.04.17"]
[SourceVersion "1"]
[SourceVersionDate "2024.04.17"]
[SourceQuality "1"]

1. d4 Nf6 2. Nc3 d5 3. Bf4 c6 4. e3 Bf5 5. Nf3 e6 6. Ne5 Bb4 7. Bd3 Ne4 8. Bxe4 Bxe4 9. f3 Bg6 10. h4 Qa5 11. Qd2 Bxc3 12. bxc3 f6 13. Nxg6 hxg6 14. Qd3 Kf7 15. Kf2 Qa4 16. Rhb1 b6 17. Rb4 Qa3 18. Rb3 Qe7 19. c4 Nd7 20. cxd5 cxd5 21. c4 dxc4 22. Qxc4 Rac8 23. Qd3 Rxh4 24. Rc3 Rxc3 25. Qxc3 e5 26. Bg3 Rh5 27. Rc1 exd4 28. exd4 Qe6 29. Kg1 Nf8 30. Qc7+ Kg8 31. Re1 Qxa2 32. Bf2 Ra5 33. Re7 Qa1+ 34. Re1 Qb2 35. Re8 Ra1+ 36. Kh2 Qxf2 37. Rxf8+ Kxf8 38. Qd8+ Kf7 39. Qd7+ Kg8 40. Qc8+ Kh7 41. Qh3+ Kg8 42. Qc8+ Kf7 43. Qd7+ Kf8 44. Qd8+ Kf7 1/2-1/2

[Event "Titled Tuesday intern op 12th Mar Late"]
[Site "Chess.com INT"]
[Date "2024.03.12"]
[Round "2"]
[White "Berezin, Viktor1"]
[Black "Jocev, Milan"]
[Result "0-1"]
[WhiteElo "2307"]
[BlackElo "2254"]
[PlyCount "92"]
[EventDate "2024.03.12"]
[EventType "swiss (blitz)"]
[EventRounds "11"]
[EventCountry "USA"]
[SourceTitle "CB12_2024"]
[SourceDate "2023.10.01"]
[SourceVersion "1"]
[SourceVersionDate "2023.10.01"]
[SourceQuality "1"]

1. d4 Nf6 2. Nf3 g6 3. g3 Bg7 4. Bg2 0-0 5. 0-0 d6 6. a4 a5 7. Nc3 Nc6 8. h3 e5 9. dxe5 dxe5 10. Qxd8 Rxd8 11. Bg5 Be6 12. Rfd1 h6 13. Bxf6 Bxf6 14. Ne4 Be7 15. e3 f5 16. Nc3 e4 17. Nd4 Nxd4 18. exd4 Bf6 19. Nb5 Rac8 20. c3 Bb3 21. Rd2 c6 22. Na3 Bg5 23. Re2 Bxa4 24. f3 exf3 25. Bxf3 Bb3 26. Rae1 Kf7 27. Re5 Re8 28. g4 Bf6 29. Rxe8 Rxe8 30. Rxe8 Kxe8 31. Kf2 f4 32. Be4 g5 33. Kf3 Bd1+ 34. Kf2 Bb3 35. Bd3 Bd5 36. Nb1 b5 37. Nd2 Be7 38. Nf3 a4 39. Ne5 Bf6 40. Ng6 Bf7 41. h4 Kd7 42. h5 Ke8 43. Kf3 Bd5+ 44. Kf2 b4 45. Bc2 a3 46. bxa3 bxa3 0-1

[Event "Titled Tuesday intern op 13th Feb Early"]
[Site "Chess.com INT"]
[Date "2024.02.13"]
[Round "11"]
[White "Ivanchuk, Vassily"]
[Black "Jocev, Milan"]
[Result "1-0"]
[WhiteElo "2623"]
[BlackElo "2303"]
[PlyCount "67"]
[EventDate "2024.02.13"]
[EventType "swiss (blitz)"]
[EventRounds "11"]
[EventCountry "USA"]
[SourceTitle "CB08_2024"]
[SourceDate "2024.02.21"]
[SourceVersion "1"]
[SourceVersionDate "2024.02.21"]
[SourceQuality "1"]

1. d4 Nf6 2. c4 g6 3. Nc3 Bg7 4. e4 d6 5. f4 0-0 6. Nf3 e5 7. fxe5 dxe5 8. d5 a5 9. Bd3 Na6 10. 0-0 Nh5 11. Bg5 f6 12. Be3 h6 13. c5 Nf4 14. Bc4 Kh7 15. a3 Bg4 16. h3 Bh5 17. Rb1 f5 18. b4 axb4 19. axb4 Qc8 20. Kh2 Kh8 21. Qc2 g5 22. exf5 g4 23. Nxe5 Nxg2 24. Kxg2 gxh3+ 25. Kh1 Bxe5 26. Qd3 Qd8 27. Bd4 Qf6 28. Ne4 Qg7 29. Rg1 Bxd4 30. Rxg7 Bxg7 31. f6 Bxf6 32. Nxf6 Rxf6 33. Qd4 Bf3+ 34. Kh2 1-0

[Event "Titled Tuesday intern op 13th Feb Early"]
[Site "Chess.com INT"]
[Date "2024.02.13"]
[Round "10"]
[White "Jocev, Milan"]
[Black "Paravyan, David"]
[Result "1/2-1/2"]
[WhiteElo "2303"]
[BlackElo "2612"]
[PlyCount "61"]
[EventDate "2024.02.13"]
[EventType "swiss (blitz)"]
[EventRounds "11"]
[EventCountry "USA"]
[SourceTitle "CB08_2024"]
[SourceDate "2024.02.21"]
[SourceVersion "1"]
[SourceVersionDate "2024.02.21"]
[SourceQuality "1"]

1. e4 e5 2. Bc4 Nf6 3. d3 c6 4. Nf3 d5 5. Bb3 Bb4+ 6. Bd2 Bxd2+ 7. Nbxd2 a5 8. a4 Nbd7 9. 0-0 0-0 10. Re1 Re8 11. c3 Nc5 12. Bc2 Bg4 13. Qe2 Qd6 14. Qe3 Rad8 15. h3 Bh5 16. Nh4 Bg6 17. Nxg6 hxg6 18. Nf3 b6 19. Rad1 Qc7 20. Qg5 dxe4 21. dxe4 Rxd1 22. Rxd1 Ncxe4 23. Qh4 Nc5 24. Ng5 Ne6 25. Bb3 Nxg5 26. Qxg5 Kf8 27. Qh4 Kg8 28. Qg5 Kf8 29. Qh4 Ke7 30. Qc4 Kf8 31. Qh4 1/2-1/2

[Event "Titled Tuesday intern op 13th Feb Early"]
[Site "Chess.com INT"]
[Date "2024.02.13"]
[Round "5"]
[White "Jocev, Milan"]
[Black "Titarov, Vasilii"]
[Result "1-0"]
[WhiteElo "2303"]
[BlackElo "2181"]
[PlyCount "71"]
[EventDate "2024.02.13"]
[EventType "swiss (blitz)"]
[EventRounds "11"]
[EventCountry "USA"]
[SourceTitle "CB08_2024"]
[SourceDate "2024.02.21"]
[SourceVersion "1"]
[SourceVersionDate "2024.02.21"]
[SourceQuality "1"]

1. e4 c5 2. Nf3 Nf6 3. d3 d5 4. Nbd2 Nc6 5. g3 g6 6. Bg2 Bg7 7. 0-0 0-0 8. Qe2 e5 9. h3 Re8 10. Re1 h6 11. c3 Be6 12. Nh4 Qd7 13. Kh2 Rad8 14. exd5 Bxd5 15. Ne4 Nxe4 16. dxe4 Be6 17. Be3 b6 18. Rad1 Qe7 19. Qb5 Qc7 20. Bf1 Kh7 21. Bc4 Bxc4 22. Qxc4 Na5 23. Qb5 Qc6 24. Qxc6 Nxc6 25. Kg2 Bf6 26. Nf3 Bg7 27. h4 f5 28. h5 fxe4 29. hxg6+ Kxg6 30. Nd2 Kf5 31. Rh1 Rd6 32. Nc4 Rxd1 33. Rxd1 Rh8 34. Rd6 Ne7 35. Kh3 Re8 36. g4# 1-0

[Event "Titled Tuesday intern op 13th Feb Early"]
[Site "Chess.com INT"]
[Date "2024.02.13"]
[Round "2"]
[White "Krzywda, Andrzej"]
[Black "Jocev, Milan"]
[Result "0-1"]
[WhiteElo "2211"]
[BlackElo "2303"]
[PlyCount "48"]
[EventDate "2024.02.13"]
[EventType "swiss (blitz)"]
[EventRounds "11"]
[EventCountry "USA"]
[SourceTitle "CB08_2024"]
[SourceDate "2024.02.21"]
[SourceVersion "1"]
[SourceVersionDate "2024.02.21"]
[SourceQuality "1"]

1. e4 c6 2. d4 d5 3. e5 Bf5 4. h4 Qb6 5. a4 a5 6. Ne2 e6 7. Nbc3 h5 8. Ng3 Bh7 9. Be2 Na6 10. Bxa6 bxa6 11. 0-0 c5 12. Nce2 cxd4 13. Nxd4 Bc5 14. c3 Ne7 15. Nxh5 Bg6 16. Nf4 Rxh4 17. g3 Rh8 18. Kg2 Kd7 19. Nb3 Bxf2 20. Nxg6 fxg6 21. Rxf2 Rh2+ 22. Kxh2 Qxf2+ 23. Kh3 Rh8+ 24. Kg4 Qf5# 0-1

[Event "SRB-ch sf"]
[Site "Paracin"]
[Date "2024.02.09"]
[Round "6"]
[White "Eric, Jovana"]
[Black "Jocev, Milan"]
[Result "1/2-1/2"]
[WhiteElo "2124"]
[BlackElo "2303"]
[PlyCount "106"]
[EventDate "2024.02.05"]
[EventType "swiss"]
[EventRounds "9"]
[EventCountry "SRB"]
[SourceTitle "CB07_2024"]
[SourceDate "2024.02.14"]
[SourceVersion "1"]
[SourceVersionDate "2024.02.14"]
[SourceQuality "1"]

1. e4 e5 2. Nf3 Nc6 3. Bc4 Nf6 4. d3 Bc5 5. c3 a6 6. a4 Ba7 7. 0-0 d6 8. b4 Ne7 9. Re1 Ng6 10. h3 0-0 11. Nbd2 Be6 12. Bxe6 fxe6 13. Nf1 Nh5 14. d4 exd4 15. cxd4 e5 16. Be3 Qf6 17. N1h2 Nhf4 18. d5 Nh4 19. Nxh4 Qxh4 20. Bxa7 Rxa7 21. Ra2 Qg5 22. Qg4 Qe7 23. Re3 Raa8 24. g3 Rf6 25. Qh4 Kh8 26. Kh1 Ng6 27. Qh5 Kg8 28. Qd1 Qd7 29. Kg2 Raf8 30. Rc3 c6 31. Ng4 R6f7 32. dxc6 bxc6 33. Rd3 d5 34. exd5 cxd5 35. Rxd5 Qb7 36. Kg1 Qxb4 37. Rad2 h5 38. Nxe5 Nxe5 39. Rxe5 h4 40. Re3 Qc5 41. Qc2 Qg5 42. Qd3 a5 43. Qd4 Rf4 44. Qd3 Kh8 45. Rde2 hxg3 46. Rxg3 Qf6 47. Qc2 Qa1+ 48. Kg2 Qxa4 49. Qxa4 Rxa4 50. Rg5 Kg8 51. Re7 Rf7 52. Re8+ Rf8 53. Re7 Rf7 1/2-1/2

[Event "SRB-ch sf"]
[Site "Paracin"]
[Date "2024.02.07"]
[Round "4"]
[White "Milosevic, Milos"]
[Black "Jocev, Milan"]
[Result "1/2-1/2"]
[WhiteElo "2390"]
[BlackElo "2303"]
[PlyCount "39"]
[EventDate "2024.02.05"]
[EventType "swiss"]
[EventRounds "9"]
[EventCountry "SRB"]
[SourceTitle "CB07_2024"]
[SourceDate "2024.02.14"]
[SourceVersion "1"]
[SourceVersionDate "2024.02.14"]
[SourceQuality "1"]

1. g3 g6 2. Bg2 Bg7 3. c4 Nf6 4. Nc3 0-0 5. Nf3 d6 6. 0-0 c6 7. d3 e5 8. Rb1 a5 9. a3 Re8 10. e4 h6 11. b4 axb4 12. axb4 Be6 13. b5 Nbd7 14. Ne1 Nc5 15. bxc6 bxc6 16. Be3 Qa5 17. Bd2 Qa7 18. h3 Qd7 19. Kh2 d5 20. exd5 1/2-1/2

[Event "Pozarevac Rudar 19th"]
[Site "Pozarevac"]
[Date "2023.11.19"]
[Round "5.3"]
[White "Hoffmann, Sebastian1"]
[Black "Jocev, Milan"]
[Result "0-1"]
[WhiteElo "2188"]
[BlackElo "2338"]
[PlyCount "58"]
[EventDate "2023.11.15"]
[EventType "tourn"]
[EventRounds "9"]
[EventCountry "SRB"]
[SourceTitle "CB49_2023"]
[SourceDate "2023.12.06"]
[SourceVersion "1"]
[SourceVersionDate "2023.12.06"]
[SourceQuality "1"]
[WhiteTeam "Team D"]
[BlackTeam "Team B"]
[WhiteTeamCountry "SRB"]
[BlackTeamCountry "SRB"]

1. e4 e5 2. Nf3 Nc6 3. Bc4 Nf6 4. d3 Bc5 5. 0-0 a6 6. c3 Ba7 7. a4 d6 8. h3 h6 9. b4 g5 10. Bxg5 hxg5 11. Nxg5 Ke7 12. Nxf7 Qf8 13. Nxh8 Qxh8 14. Qf3 Bd7 15. Nd2 Rf8 16. Qg3 Kd8 17. Nf3 Ne7 18. Ng5 Kc8 19. Ne6 Rg8 20. Qf3 Ng6 21. g4 Re8 22. Ng5 Nf4 23. Nf7 Qh4 24. d4 Nxh3+ 25. Kg2 Nf4+ 26. Kg1 Rg8 27. Nxd6+ cxd6 28. Bxg8 Bxg4 29. Qe3 Qg5 0-1

[Event "Pozarevac Rudar 19th"]
[Site "Pozarevac"]
[Date "2023.11.15"]
[Round "1.1"]
[White "Bryakin, Mikhail"]
[Black "Jocev, Milan"]
[Result "1/2-1/2"]
[WhiteElo "2478"]
[BlackElo "2338"]
[PlyCount "22"]
[EventDate "2023.11.15"]
[EventType "tourn"]
[EventRounds "9"]
[EventCountry "SRB"]
[SourceTitle "CB49_2023"]
[SourceDate "2023.12.06"]
[SourceVersion "1"]
[SourceVersionDate "2023.12.06"]
[SourceQuality "1"]
[WhiteTeam "Team A"]
[BlackTeam "Team B"]
[WhiteTeamCountry "SRB"]
[BlackTeamCountry "SRB"]

1. e4 c5 2. Nf3 d6 3. Bb5+ Bd7 4. Bxd7+ Qxd7 5. c3 Nf6 6. d3 Nc6 7. 0-0 e6 8. Re1 Be7 9. Nbd2 0-0 10. Nf1 b5 11. Ng3 a5 1/2-1/2

[Event "Pozarevac Rudar GM2 11"]
[Site "Pozarevac"]
[Date "2023.11.12"]
[Round "4.2"]
[White "Spasov, Vasil"]
[Black "Jocev, Milan"]
[Result "0-1"]
[WhiteElo "2481"]
[BlackElo "2338"]
[PlyCount "88"]
[EventDate "2023.11.09"]
[EventType "schev"]
[EventRounds "9"]
[EventCountry "SRB"]
[SourceTitle "CB47_2023"]
[SourceDate "2023.11.22"]
[SourceVersion "1"]
[SourceVersionDate "2023.11.22"]
[SourceQuality "1"]
[WhiteTeam "Team A"]
[BlackTeam "Team D"]
[WhiteTeamCountry "SRB"]
[BlackTeamCountry "SRB"]

1. e4 e5 2. Bc4 Nc6 3. Nf3 Nf6 4. d3 Bc5 5. Bg5 h6 6. Bh4 d6 7. c3 a6 8. a4 Ba7 9. Nbd2 Qe7 10. 0-0 g5 11. Bg3 Nd7 12. b4 Nf8 13. Kh1 Ng6 14. Ne1 h5 15. f3 h4 16. Bf2 Bxf2 17. Rxf2 Nf4 18. Nc2 Qf6 19. Ne3 Ne7 20. Ng4 Qg7 21. Nf1 d5 22. exd5 f5 23. Nge3 g4 24. fxg4 fxg4 25. g3 hxg3 26. Nxg3 Bd7 27. b5 Qh6 28. bxa6 bxa6 29. Rb1 Nh3 30. Re2 0-0 31. d6+ Kh8 32. dxe7 Nf2+ 33. Kg1 Nh3+ 34. Kh1 Nf2+ 35. Kg2 Bc6+ 36. Bd5 Bxd5+ 37. Nxd5 Nxd1 38. exf8Q+ Qxf8 39. Kg1 Nxc3 40. Nxc3 Qc5+ 41. Kg2 Qxc3 42. Rf1 Rb8 43. Ref2 Qc6+ 44. Ne4 Qh6 0-1

[Event "Vienna Ottakring 100 Years"]
[Site "Vienna"]
[Date "2023.09.03"]
[Round "9"]
[White "Jocev, Milan"]
[Black "Powierski, Emil"]
[Result "1-0"]
[WhiteElo "2314"]
[BlackElo "2291"]
[PlyCount "91"]
[EventDate "2023.08.26"]
[EventType "swiss"]
[EventRounds "9"]
[EventCountry "AUT"]
[SourceTitle "EXT 2024"]
[Source "ChessBase"]
[SourceDate "2023.10.10"]
[SourceVersion "1"]
[SourceVersionDate "2023.10.10"]
[SourceQuality "1"]

1. d4 Nf6 2. c4 e6 3. g3 d5 4. Nf3 dxc4 5. Bg2 Bb4+ 6. Bd2 a5 7. 0-0 Bxd2 8. Qxd2 b5 9. Qg5 0-0 10. Qxb5 Qd5 11. Qa4 Ra7 12. Nc3 Qc6 13. Ne5 Qxa4 14. Nxa4 Ba6 15. Rfc1 Bb5 16. Nc5 c3 17. bxc3 Bxe2 18. Rab1 Nd5 19. Rb2 Bh5 20. Bxd5 exd5 21. Rcb1 Ra8 22. Rb7 Rc8 23. g4 Bg6 24. Re1 Na6 25. Nxg6 hxg6 26. Re7 Rab8 27. Rxb8 Nxb8 28. Re5 f6 29. Rxd5 c6 30. Rd6 Kf7 31. a4 Re8 32. Kf1 g5 33. f3 Rh8 34. Kg2 Re8 35. Kg3 Rc8 36. f4 gxf4+ 37. Kxf4 Rh8 38. h4 Ke7 39. Re6+ Kf7 40. h5 Rd8 41. g5 fxg5+ 42. Kxg5 Rh8 43. Re5 Rh6 44. Re2 Rd6 45. Rb2 Rd5+ 46. Kg4 1-0

[Event "Vienna Ottakring 100 Years"]
[Site "Vienna"]
[Date "2023.08.31"]
[Round "6"]
[White "Peyrer, Konstantin"]
[Black "Jocev, Milan"]
[Result "1-0"]
[WhiteElo "2431"]
[BlackElo "2314"]
[PlyCount "115"]
[EventDate "2023.08.26"]
[EventType "swiss"]
[EventRounds "9"]
[EventCountry "AUT"]
[SourceTitle "EXT 2024"]
[Source "ChessBase"]
[SourceDate "2023.10.10"]
[SourceVersion "1"]
[SourceVersionDate "2023.10.10"]
[SourceQuality "1"]

1. d4 d5 2. c4 c6 3. Nf3 Nf6 4. e3 Bf5 5. Nc3 e6 6. Nh4 Be4 7. f3 Bg6 8. Qb3 Qb6 9. Qxb6 axb6 10. Bd2 Be7 11. Nxg6 hxg6 12. Kf2 Nbd7 13. Be2 dxc4 14. a4 e5 15. Bxc4 0-0 16. Ne2 exd4 17. exd4 Nd5 18. Rhd1 N7f6 19. g4 Rad8 20. h4 Rfe8 21. g5 Nh5 22. a5 b5 23. Bd3 Bb4 24. Be4 Bxd2 25. Rxd2 Nb4 26. Ra3 Rd6 27. Rb3 Na6 28. Bb1 Nc5 29. Rc3 Ne6 30. Re3 Kf8 31. Re4 Nc5 32. Rxe8+ Kxe8 33. b4 Ne6 34. Ke3 Ke7 35. Ba2 Nc7 36. d5 cxd5 37. Nd4 Na6 38. Rb2 Nc7 39. Bb1 Ne6 40. Bd3 Ng3 41. Nxb5 Rc6 42. Rc2 d4+ 43. Nxd4 Nf1+ 44. Bxf1 Nxd4 45. Rb2 Rc2 46. Rb1 Nf5+ 47. Kd3 Ra2 48. Kc4 Kd8 49. Kb5 Kc7 50. Rc1+ Kb8 51. Bc4 Rd2 52. Rc3 f6 53. Rd3 Rxd3 54. Bxd3 Nd4+ 55. Kb6 Nxf3 56. gxf6 gxf6 57. Bxg6 Nxh4 58. Be4 1-0

[Event "Belgrade Serbia op"]
[Site "Belgrade"]
[Date "2023.07.18"]
[Round "3"]
[White "Nurgali, Nazerke"]
[Black "Jocev, Milan"]
[Result "1/2-1/2"]
[WhiteElo "2192"]
[BlackElo "2321"]
[PlyCount "54"]
[EventDate "2023.07.16"]
[EventType "swiss"]
[EventRounds "9"]
[EventCountry "SRB"]
[SourceTitle "CBM 215 Extra"]
[Source "ChessBase"]
[SourceDate "2023.09.30"]
[SourceVersion "1"]
[SourceVersionDate "2023.09.30"]
[SourceQuality "1"]

1. d4 Nf6 2. Nf3 g6 3. c4 Bg7 4. Nc3 0-0 5. e4 d6 6. Be2 e5 7. dxe5 dxe5 8. Qxd8 Rxd8 9. Bg5 c6 10. Nxe5 Re8 11. 0-0-0 Na6 12. f4 Nc5 13. Bf3 Be6 14. b3 h6 15. Bh4 Nh7 16. Bf2 Bxe5 17. fxe5 Nd7 18. Bg3 a5 19. Kb2 Nc5 20. Rd2 a4 21. Rhd1 axb3 22. axb3 Nf8 23. Bf2 Ncd7 24. Bg3 Nc5 25. Bf2 Ncd7 26. Bg3 Nc5 27. Bf2 Ncd7 1/2-1/2